Normal view
MARC view
- NS FIZZA AKRAM PC MYRA FAISAL PC RUSHMAH SALEEM NS USMAN FAKHAR
Entry Personal Name
001 - CONTROL NUMBER
- control field: 72969
003 - CONTROL NUMBER IDENTIFIER
- control field: NUST
005 - DATE AND TIME OF LATEST TRANSACTION
- control field: 20210628204940.0
008 - FIXED-LENGTH DATA ELEMENTS
- fixed length control field: 210628|| aca||aabn | a|a d
040 ## - CATALOGING SOURCE
- Original cataloging agency: NUST
- Transcribing agency: NUST
100 ## - HEADING--PERSONAL NAME
- Personal name: NS FIZZA AKRAM PC MYRA FAISAL PC RUSHMAH SALEEM NS USMAN FAKHAR
670 ## - SOURCE DATA FOUND
- Source citation: Work cat.: (NUST): NS FIZZA AKRAM PC MYRA FAISAL PC RUSHMAH SALEEM NS USMAN FAKHAR, PR-SOF-1880-Patient Experience Management, 2020
